Zgadnij broń po jej opisie w grze CS2 - Statystyki

Ogólne statystyki
  • Ten quiz został rozwiązany 391 razy
  • Średni wynik to 9 z 12
Statystyki odpowiedzi
Hint Odpowiedź % Poprawnych
Broń wysokiego ryzyka i wysokich zysków; okryty niesławą ____ to karabin snajperski rozpoznawalny dzięki swojej charakterystycznej polityce - jeden strzał, jeden trup. AWP
90%
Potężny i niezawodny _____ to jeden z najbardziej rozpoznawalnych karabinów szturmowych na świecie. Jest najbardziej zabójczy, gdy strzela się krótkimi, kontrolowanymi seriami. AK-47
89%
Posiadający mniejszy magazynek niż jego niewytłumiony odpowiednik, karabin _____ zapewnia cichsze strzały, mniejszy odrzut i lepszą celność. M4A1-S
88%
Celniejszy, ale zadający mniej obrażeń, co swój odpowiednik - AK-47, _____ to najczęściej wybierany przez antyterrorystów automatyczny karabin szturmowy. M4A4
86%
Powtarzalny karabin snajperski ______ nie zadaje wielkich obrażeń, ale posiada wysoki stosunek ceny do efektywności, co czyni go znakomitym karabinem wyborowym w kilku pierwszych rundach. SSG 08 | Scout
86%
Idealny do zastawiania pułapek z bliska i w starciach na zamkniętych przestrzeniach jednostrzałowy paralizator _____ potrafi obezwładnić wroga jednym strzałem. Zeus x27
84%
Ulubieniec graczy z Counter-Strike: Source – _____ jest wyposażony w zdejmowalny tłumik, który wygłusza strzały i zmniejsza odrzut. USP-S
82%
_____ to dogodny pistolet w pierwszej rundzie, który działa najlepiej na nieopancerzonych przeciwnikach i pozwala strzelać serią 3 strzałów. Glock-18
77%
Równie drogi co potężny, _____ to pistolet-ikona, który ciężko opanować, ale jest zaskakująco celny na dalekim zasięgu. Desert Eagle | Deagle
72%
_____ to bestia, która potrafi przygwoździć przeciwników dzięki bardzo celnemu ogniowi zaporowemu, jeśli jesteś w stanie znaleźć chwilę czasu, by ją okiełznać. Negev
71%
Praktycznie rzecz biorąc pudełko, z którego lecą kule - pistolet maszynowy ____ szczyci się wysoką szybkostrzelnością, lecz jest również niecelny i ma duży rozrzut MAC-10
67%
Celny i dobrze penetrujący pancerz _____ to drogi, wolny w przeładowaniu pistolet, który nadrabia te wady 20-nabojowym magazynkiem i wybaczalnym odrzutem. Five-Seven
51%
Nie znaleziono quizów pasujących do podanych kryteriów
Rozkład punktacji
Procent ludzi z każdym wynikiem
Percentyl według liczby udzielonych odpowiedzi
Twoja historia wyników
Nie rozwiązałeś tego quizu